00374nam a2200133Ia 450000500170000000800410001702000150005808200130007310000170008624500420010326000400014530000130018550000420019820250701155236.0240331s9999 xx 000 0 und d a9552041724 bANAa398 aAnanda,P.A.S 0aSinhala janasrithiya ha sathwa lokaya aColombobS. Godage & Brothersc2000 a152 p ., aSinhala Folklore and the animal world